| 000 | 01085nam a22003371i 4500 | ||
|---|---|---|---|
| 001 | 12508 | ||
| 003 | ES-MaACL | ||
| 005 | 20250808062712.0 | ||
| 007 | t| | ||
| 008 | 900514s1996 sp ||||0| spa j | ||
| 016 | 7 | _zIBH8100907984 | |
| 017 | _aBU 393-1996 | ||
| 020 | _a84-7914-024-0 | ||
| 040 |
_aIBH _bspa _cM-BN-DP |
||
| 080 | _a276 Catalina de Siena. Santa | ||
| 080 | _a850-97"13" | ||
| 100 | 1 |
_aCatalina de Siena _cSanta. _937040 |
|
| 245 | 1 | 0 |
_aObras de Santa Catalina de Siena / _cintroducciones y traducción por José Salvador y Conde. |
| 250 | _a3ª ed. | ||
| 260 |
_aMadrid : _bBiblioteca de Autores Cristianos, _c1996. |
||
| 300 |
_aXXXII, 539 p., 1 h : _bil ; _c21 cm. |
||
| 490 | 1 |
_aBiblioteca de autores cristianos ; _v415 |
|
| 500 | _aIndices. | ||
| 504 | _aBibliografía: p. [XXVII]-XXXII. | ||
| 505 | 8 | _aContiene: El diálogo ; Oraciones y soliloquios | |
| 700 | 1 |
_aSalvador y Conde, J. _9151317 |
|
| 830 | 0 | 0 |
_aBiblioteca de autores cristianos _v415 _9178679 |
| 852 |
_aES-MaACL _jJ-406 _9R.46092 |
||
| 999 |
_c12508 _d12508 |
||